Almanak astronomi

Bibliographic Details
Main Author: Haina Zulaikha
Format: Book
Published: Kuala Lumpur : Semarak Murni Enterprise , 2020
Series:Catatan fakta penemuan dan kehidupan
Subjects:

MARC

LEADER 00000cam a2200000 7i4500
001 0000278339
005 20200925163048.0
020 |a 9789672370062 
090 0 0 |a 032.02   |b HAI 
100 0 |a Haina Zulaikha 
245 1 0 |a Almanak astronomi   |c Haina Zulaikha 
260 |a Kuala Lumpur :   |b Semarak Murni Enterprise ,   |c 2020 
300 |a 52p. ;   |c 23cm. 
490 0 |a Catatan fakta penemuan dan kehidupan 
650 0 |a Almanacs, Malay 
650 0 |a Curiosities and wonders 
999 |a 00377478   |b BUKU   |c JUNIOR BOOKS   |e PERPUSTAKAAN KOMUNITI CAW KOTA DAMANSARA